000 00393nam a2200145Ia 4500
008 090123s9999 xx 000 0 und d
082 _b21583
245 _aहत्यारा पेन
250 _a0
260 _bडायमंड पॉकेट बुक
300 _a32
630 _aहत्यारा पेन
730 _aहत्यारा पेन
942 _cBOOK
999 _c59655
_d59655